| 000 | 00418nam a2200169 a 4500 | ||
|---|---|---|---|
| 001 | 4399 | ||
| 003 | CO-ViMGA | ||
| 008 | 141112s2004 ck r 000 u spa d | ||
| 040 |
_aCO-ViMGA _bspa _cCO-ViMGA |
||
| 082 | 0 | 4 | _aCh 861.44 N378m |
| 100 | 1 | _aNeruda, Pablo | |
| 245 | 1 | 0 | _aMemorial de isla negra |
| 260 |
_aMadrid : _bVisor Libros, _c1964 |
||
| 300 | _a316 p | ||
| 650 | 1 | 4 |
_aPOESIA CHILENA _93648 |
| 942 |
_2ddc _cBK |
||
| 999 |
_c16409 _d16409 |
||